खुशबू / (Record no. 114166)

MARC details
000 -LEADER
fixed length control field 00994nam a22002537a 4500
005 - DATE AND TIME OF LATEST TRANSACTION
control field 20170124103004.0
010 ## - LIBRARY OF CONGRESS CONTROL NUMBER
LC control number A-593873
020 ## - INTERNATIONAL STANDARD BOOK NUMBER
Terms of availability 80.00
035 ## - SYSTEM CONTROL NUMBER
System control number A-593873
037 ## - SOURCE OF ACQUISITION
Source of stock number/acquisition Cen Lib/Ret
040 ## - CATALOGING SOURCE
Original cataloging agency DPL
Language of cataloging HN
082 ## - DEWEY DECIMAL CLASSIFICATION NUMBER
Classification number
Item number उर्मिला
100 ## - MAIN ENTRY--PERSONAL NAME
Personal name उर्मिला शिरीष
9 (RLIN) 55646
245 ## - TITLE STATEMENT
Title खुशबू /
Statement of responsibility, etc उर्मिला शिरीष
246 ## - VARYING FORM OF TITLE
Title proper/short title Khushboo /
Remainder of title by Urmila Shirish
260 ## - PUBLICATION, DISTRIBUTION, ETC. (IMPRINT)
Place of publication, distribution, etc दिल्ली
Name of publisher, distributor, etc राजेश प्रकाशन
Date of publication, distribution, etc 1993
270 ## - ADDRESS
Address जी-62, गली न.5, अर्जुन नगर
City दिल्ली
Postal code 110051
300 ## - PHYSICAL DESCRIPTION
Extent 168पृ.
Dimensions 21सेमी (सजिल्द)
650 ## - SUBJECT ADDED ENTRY--TOPICAL TERM
Topical term or geographic name as entry element हिन्दी साहित्य
9 (RLIN) 55647
650 ## - SUBJECT ADDED ENTRY--TOPICAL TERM
Topical term or geographic name as entry element हिन्दी साहित्य -- उपन्यास
9 (RLIN) 46379
650 ## - SUBJECT ADDED ENTRY--TOPICAL TERM
Topical term or geographic name as entry element Hindi literature
9 (RLIN) 55648
650 ## - SUBJECT ADDED ENTRY--TOPICAL TERM
Topical term or geographic name as entry element Hindi literature -- Fiction
9 (RLIN) 55649
942 ## - ADDED ENTRY ELEMENTS (KOHA)
Source of classification or shelving scheme Dewey Decimal Classification
Koha item type Hindi Books
Classification part
Call number suffix उर्मिला
Holdings
Withdrawn status Lost status Damaged status Not for loan Home library Current library Date acquired Source of acquisition Cost, normal purchase price Total Checkouts Full call number Barcode Date last seen Copy number Cost, replacement price Price effective from Koha item type Public note
Written off       Central Library Central Library 14/08/2015 Cen Lib/Ret 80.00   उ उर्मिला A-593873 14/08/2015 1 80.00 14/08/2015 Hindi Books Written off on approval by DLB (By Circulation); dtd 20.12.2022

© Delhi Public Library
Hit Counter
free hit counter